000 01004nam a22002897a 4500
003 CHAP
005 20220329140410.0
008 971013s1979 r 00010 d
010 _a51421
011 _a52393
035 _a56543
040 _cCHAP
090 _aTesis
100 0 0 _aRojas Pieretti, Luis Alberto.
_999351
245 _aEvaluación de la soya (Glycine maz L.) variedad júpiter bajo condiciones del campo de multiplisidades del ITESM sembrada en 4 diferentes densidades de siembra
260 _aMonterrey, N. L. :
_bEl autor,
_c1979
300 _a50 h.
502 _aTesis (Ing. Agr. Zootecnista) -- ITESM. División de Ciencias Agropecuarias y Marítimas
590 _aALEPH
_b10
_c20130110
_lUCH01
_h1327
590 _aBATCH-UPD
_b10
_c20130110
_lUCH01
_h1447
590 _aCONVERSION
_b10
_c20130109
_lUCH01
_h1328
650 1 4 _aSoya
_xEspaciamiento.
_9109047
650 1 4 _aSoya
_xVariedades.
_9109096
901 _aBK
942 _cTESIS
949 _bBC
_cTES
_d-123476
_eTS1
_i56543
_si
999 _c51421
_d51421